Noms des autoroutes françaises - Statistiques

Statistiques générales
  • Ce quiz a été pris 474 fois
    435 depuis la dernière actualisation
  • Le résultat moyen est 11 sur 44
Statistiques - réponses
Autoroute Surnom % Correct
A6 Autoroute du Soleil
96%
A7 Autoroute du Soleil
90%
A1 Autoroute du Nord
79%
A4 Autoroute de l'Est
73%
A10 L'Aquitaine (Autoroute des Estuaires)
52%
A13 Autoroute de Normandie (Autoroute des Estuaires)
44%
A8 La Provençale
39%
A9 La Languedocienne - La Catalane
37%
A11 L'Océane
36%
A20 L'Occitane
35%
A40 Autoroute Blanche - Autoroute des Titans
34%
A26 Autoroute des Anglais
28%
A16 L'Européenne (Autoroute des Estuaires)
27%
A104 La Francilienne
26%
A61 Autoroute des Deux-Mers
24%
A62 Autoroute des Deux-Mers
24%
A28 Autoroute des Estuaires
24%
A83 Autoroute des Estuaires
24%
A84 Autoroute des Estuaires
24%
A77 Autoroute de l'Arbre
23%
A35 Autoroute des Cigognes - L'Alsacienne - Autoroute du Piémont des Vosges
23%
A75 La Méridienne
22%
A63 Autoroute de la Côte Basque (Autoroute des Estuaires)
21%
A837 Autoroute des Oiseaux (Autoroute des Estuaires)
21%
A71 L'Arverne
17%
A64 La Pyrénéenne
16%
A89 La Transeuropéenne
15%
A39 Autoroute verte - La Bressane
14%
A43 Autoroute de la Maurienne
13%
A41 L'Alpine
13%
A51 Autoroute du Trièves - Autoroute du Val de Durance
11%
A19 L'Éco Autoroute
11%
A65 Autoroute de Gascogne
10%
A68 Autoroute du Pastel
10%
A66 L'Ariégeoise
8%
A31 Autoroute de Lorraine-Bourgogne
7%
A34 L'Ardennaise
7%
A21 Rocade Minière
7%
A55 Autoroute du Littoral
6%
A36 La Comtoise
6%
A304 Autoroute des Ardennes
4%
A30 Autoroute de la Vallée de la Fensch
3%
A480 Autoroute du Drac
3%
A520 Bretelle d'Auriol
2%
Aucun quiz correspondant
Distribution des résultats
% des personnes avec chaque résultat
Percentile par nombre de réponses
Votre historique - résultats
Vous n’avez pas pris ce quiz depuis la dernière actualisation